| 000 | 02065nam a2200277 i 4500 | ||
|---|---|---|---|
| 005 | 20250329165508.0 | ||
| 007 | ta | ||
| 008 | 200622s2024 000 0 eng d | ||
| 040 |
_aCO-CtgCURN _bspa _ccoctgcurn _erda |
||
| 082 | 0 |
_aTCS 2024 _bP438 |
|
| 100 | 1 |
_aPérez Morales, Daniel Enrique , _eauthor. _4aut |
|
| 245 | 1 | 3 |
_aLa contabilidad ambiental en las pymes del sector industrial en Cartagena / _cDaniel Enrique Pérez Morales; Pedro Antonio Simancas Gaitan; Jhon Mario García Berrio. |
| 260 |
_aCartagena de Indias : _bCorporación Universitaria Rafael Núñez, _c2024. |
||
| 300 | _a31 hojas. | ||
| 336 |
_atext _btxt _2rdacontent |
||
| 337 |
_aunmediated _bn _2rdamedia |
||
| 338 |
_avolume _bnc _2rdacarrier |
||
| 502 | _aTrabajo de grado (Tecnologo en contabilidad sistematizada). Corporación Universitaria Rafael Núñez. Facultad de Ciencias Administrativas y Contables. Programa de Tecnología en Contabilidad Sistematizada, 2024. | ||
| 520 | 8 | _a"Se orienta a destacar la importancia de la contabilidad ambiental en las empresas industriales además de mostrar el beneficio de éstas últimas al momento de aplicar la contabilidad ambiental dentro de su organización. El medio ambiente es un tema del cual muy pocos hablan pero muchos quieren aprovechar, es el caso de muchas empresas conocidas en la actualidad y a que la gran mayoría de estas empresas solo buscan un fin el cual es lucrarse financiera y económicamente dejando de lado el daño que se le hace al ente ecológico de nuestro entorno. Con base en esto organismos de control han tomado medidas respecto al tema." | |
| 650 | 0 |
_aContabilidad sistematizada _xTesis y disertaciones académicas. |
|
| 700 | 1 | _aSimancas Gaitan, Pedro Antonio . | |
| 700 | 1 | _aGarcía Berrio, Jhon Mario . | |
| 856 | 7 |
_uhttps://unicurn.sharepoint.com/:b:/s/biblioteca/EYQgQ64_DFhMsismUcjvVsoBIJzuQHvMzf-rH40irW-KkA?e=s4xfQa _zClick aqui para ver el recurso en texto completo |
|
| 942 |
_cTG _hTCS 2024 _iP438 _aMHC _bMHC _2ddc |
||
| 999 |
_c5921 _d5921 |
||